| 000 | 00486nam a2200169 i 4500 | ||
|---|---|---|---|
| 001 | 111061 | ||
| 003 | ES-MaACL | ||
| 005 | 20230906185231.0 | ||
| 007 | t| | ||
| 008 | 061121s1972 sp r ||||1| spa d | ||
| 080 | _a821.134.2-32"19" | ||
| 100 | 1 |
_aNaveros, José Miguel. _985224 |
|
| 245 | 1 | 0 |
_aCatorce títulos para trece narraciones / _cJosé Miguel Naveros. |
| 260 |
_aMadrid : _bPrensa Española, _c1972. |
||
| 300 |
_a122 p. ; _c18 cm. |
||
| 852 |
_aES-MaACL _jC-45415 _bR.83584 |
||
| 999 |
_c111061 _d111061 |
||